It looks like you're offline.
Open Library logo
additional options menu

MARC record from Internet Archive

LEADER: 00646pam 2200217 i 4500
001 79018894
003 DLC
005 19800527000000.0
008 790725s1980 njua 00110 eng
010 $a 79018894
020 $a0130215848 :$c$14.95
050 0 $aQA154.2$b.S6 1980
082 $a512.9
100 10 $aSobel, Max A.
245 10 $aAlgebra for college students :$ban intermediate approach /$cMax A. Sobel, Norbert Lerner.
250 $a2d ed.
260 0 $aEnglewood Cliffs, N.J. :$bPrentice-Hall,$cc1980.
300 $axiv, 427 p. :$bill. ;$c24 cm.
500 $aIncludes index.
650 0 $aAlgebra.
700 10 $aLerner, Norbert,$ejoint author.